Big Bang Theory Word Ladder Quiz Stats

 Plays Quiz not verified by Sporcle

Challenge
Share
Tweet
Embed
Score 0/20 Timer 02:00
1 Play Today
Description Word % Correct
First Four Letters of Character From Texas's NameShel
95%
No longer livingDead
77.5%
First Four Letters of Main Character with GlassesLeon
76.3%
Found inside watermelonsSeed
73.8%
12:00 P.M.Noon
71.8%
Last Four Letters of Character From Texas's NameLdon
67.1%
To show the wayLead
65.5%
Fluorescent LightingNeon
64.8%
Something that is doneDeed
62.2%
A Borrowing of MoneyLoan
59.5%
Description Word % Correct
Last Four Letters of Main Character with GlassesNard
58%
A Popular Car CompanyFord
57.3%
To fall offShed
56.6%
Nourishment to OrganismsFood
54.7%
A Hoodlum or ThugGoon
50.2%
To Incline in FeelingLean
50%
Morally ExcellentGood
49.5%
A Large Fish-Eating BirdLoon
46.5%
Flat Paper That You Can Use To Play GamesCard
44.3%
A String of Braided or Twisted RopeCord
41.8%

You're not logged in!

Compare scores with friends on all Sporcle quizzes.
Join for Free
OR
Log In

You Might Also Like...

Show Comments

Extras

Top Quizzes Today


Score Distribution

Your Account Isn't Verified!

In order to create a playlist on Sporcle, you need to verify the email address you used during registration. Go to your Sporcle Settings to finish the process.

Report this User

Report this user for behavior that violates our Community Guidelines.

Details: